Statistics for European Countries by Emoji

Click here to take the quiz!

General Stats

  • This quiz has been taken 187 times
  • The average score is 10 of 12

Answer Stats

HintAnswer% Correct
πŸ₯πŸŽ¨πŸ—ΌFrance
99%
πŸ‘‘β˜•οΈπŸ’‚β€β™‚οΈUnited Kingdom
99%
🍺πŸ₯¨πŸ°Germany
94%
πŸ•πŸŒ‹πŸItaly
94%
πŸƒπŸͺ‡πŸ·Spain
84%
πŸš€πŸͺ–πŸ›Russia
82%
πŸ‘πŸπŸ›Greece
80%
β„οΈπŸ”πŸŒŒNorway
79%
β„οΈπŸŒ‹πŸŽIceland
78%
πŸŒ·πŸ§€πŸš²Netherlands
75%
🍫πŸ₯¨πŸ‡ͺπŸ‡ΊBelgium
73%
πŸ”¬β›ͺ️✝️Vatican City
53%

Score Distribution

Percentile by Number Answered

Percent of People with Each Score

Your Score History

You have not taken this quiz